|
|
|
|
| LEADER |
00000nam a22000007a 4500 |
| 005 |
20201231214724.0 |
| 007 |
cr|||| |||| |
| 008 |
201231s2016 br |||||s|||| 00||0 por d |
| 020 |
|
|
|a 978-85-89917-75-9
|
| 035 |
|
|
|a 32516
|
| 040 |
|
|
|a vLex
|
| 090 |
|
|
|c 11043
|d 11043
|
| 100 |
1 |
|
|a Pires de Azevedo Figueira, Jeferson
|
| 245 |
1 |
0 |
|a Brocardos jurd̕icos multiln̕gue
|h [Recurso electrn̤ico] /
|c Jeferson Pires de Azevedo Figueira
|
| 256 |
|
|
|a Servicio en ln̕ea
|
| 260 |
|
|
|a San Pablo:
|b Letras Jurídicas Editora
|c 2016f
|
| 300 |
|
|
|a 1 recurso electrn̤ico
|
| 500 |
|
|
|a Observando a natural dificuldade ocorrente quando da citaȯ̂ de brocardos jurd̕icos (ou mx̀imas), hoje ainda empregados, resolvemos empreender trabalho que pudesse remover os obstc̀ulos existentes, neste particular.
|
| 506 |
1 |
|
|a Disponible solo en los productos indicados
|d vLex Global
|d vLex Global (Academic Edition, excluding Law Schools)
|d vLex Global (U.S. Academic Edition, Law Schools)
|d vLex Global (U.S. Academic Edition, excluding Law Schools)
|d vLex Global (Academic Edition, Law Schools)
|
| 650 |
0 |
4 |
|a Derecho Pb︢lico y Administrativo
|z Brasil
|
| 740 |
0 |
|
|a vLex Libros (Servicio en ln̕ea)
|
| 856 |
4 |
0 |
|u http://vlex.com/source/brocardos-juridicos-multilingue-32516
|z Acceso restringido
|
| 942 |
|
|
|c BOOK
|
| 999 |
0 |
|
|a Public and Administrative Law
|